Cost and management accounting: theory and problems . (Record no. 157554)
[ view plain ]
| 000 -LEADER | |
|---|---|
| fixed length control field | 00574nam a2200205Ia 4500 |
| 003 - CONTROL NUMBER IDENTIFIER | |
| control field | OSt |
| 005 - DATE AND TIME OF LATEST TRANSACTION | |
| control field | 20230429103211.0 |
| 008 - FIXED-LENGTH DATA ELEMENTS--GENERAL INFORMATION | |
| fixed length control field | 210423s2009 xx 000 0 und d |
| 020 ## - INTERNATIONAL STANDARD BOOK NUMBER | |
| International Standard Book Number | 81254036987 |
| 040 ## - CATALOGING SOURCE | |
| Transcribing agency | AL |
| 041 ## - LANGUAGE CODE | |
| Language code of text/sound track or separate title | eng |
| 082 ## - DEWEY DECIMAL CLASSIFICATION NUMBER | |
| Classification number | 658.1511 AROM |
| 100 ## - MAIN ENTRY--PERSONAL NAME | |
| Personal name | ARORA (M N). |
| 9 (RLIN) | 80057 |
| 245 ## - TITLE STATEMENT | |
| Title | Cost and management accounting: theory and problems . |
| 260 ## - PUBLICATION, DISTRIBUTION, ETC. | |
| Place of publication, distribution, etc. | Mumbai |
| Name of publisher, distributor, etc. | Himalaya Publishing House |
| Date of publication, distribution, etc. | 2009 |
| 300 ## - PHYSICAL DESCRIPTION | |
| Extent | vi,18.27 |
| Other physical details | PB |
| 365 ## - TRADE PRICE | |
| Price amount | 310 |
| Currency code | INR |
| 906 ## - LOCAL DATA ELEMENT F, LDF (RLIN) | |
| a | accounting: ; Cost ; management ; problems ; solutions. ; theory |
| 942 ## - ADDED ENTRY ELEMENTS (KOHA) | |
| Source of classification or shelving scheme | Dewey Decimal Classification |
| Koha item type | Book |
| Withdrawn status | Lost status | Damaged status | Not for loan | Collection code | Home library | Current library | Date acquired | Source of acquisition | Cost, normal purchase price | Total Checkouts | Full call number | Barcode | Date last seen | Price effective from | Koha item type | Date last checked out |
|---|---|---|---|---|---|---|---|---|---|---|---|---|---|---|---|---|
| M Com | St Aloysius PG Library | St Aloysius PG Library | 12/01/2009 | Higginbothams Pvt Ltd | 310.00 | 658.1511 AROM | PG004030 | 08/24/2022 | 04/26/2021 | Book | ||||||
| M Com | St Aloysius PG Library | St Aloysius PG Library | 12/01/2009 | Higginbothams Pvt Ltd | 310.00 | 658.1511 AROM | PG004031 | 08/24/2022 | 04/26/2021 | Reference | ||||||
| M Com | St Aloysius PG Library | St Aloysius PG Library | 12/01/2009 | Higginbothams Pvt Ltd | 310.00 | 658.1511 AROM | PG004032 | 08/24/2022 | 04/26/2021 | Book | ||||||
| M Com | St Aloysius PG Library | St Aloysius PG Library | 12/01/2009 | Higginbothams Pvt Ltd | 310.00 | 2 | 658.1511 AROM | PG004033 | 05/11/2024 | 04/26/2021 | Book | 04/15/2024 | ||||
| M Com | St Aloysius PG Library | St Aloysius PG Library | 12/01/2009 | Higginbothams Pvt Ltd | 310.00 | 1 | 658.1511 AROM | PG004034 | 05/15/2024 | 04/26/2021 | Book | 05/13/2024 |